Оториноларингология. Т. 1: Общие вопросы оториноларингологии. Заболевания носа и околоносовых пазух (Запись № 37284)

Подробности
000 -МАРКЕР
контрольное поле 01899nam2a2200349 4500
001 - ИДЕНТИФИКАТОР ЗАПИСИ
контрольное поле RU\NLR\bibl\1512484
005 - ИДЕНТИФИКАТОР ВЕРСИИ
контрольное поле 20250616023730.0
010 ## - МЕЖДУНАРОДНЫЙ СТАНДАРТНЫЙ НОМЕР КНИГИ (ISBN)
Номер (ISBN) 978-5-8948-1816-0
Тираж 1000
021 ## - НОМЕР ГОСУДАРСТВЕННОЙ РЕГИСТРАЦИИ
Код страны Российская Федерация
Номер 2010-24177
Номер Листа государственной регистраци 1620
035 ## - ДРУГИЕ СИСТЕМНЫЕ НОМЕРА
Идентификатор записи (NLR Aleph) 001503877
100 ## - ДАННЫЕ ОБЩЕЙ ОБРАБОТКИ
Данные общей обработки 20100518d2010 |||y0rusy50 ca
101 0# - ЯЗЫК РЕСУРСА
Язык текста, звукозаписи и т.д. русский
102 ## - СТРАНА ПУБЛИКАЦИИ ИЛИ ПРОИЗВОДСТВА
Страна публикации Российская Федерация
105 ## - ПОЛЕ КОДИРОВАННЫХ ДАННЫХ: ТЕКСТОВЫЕ МАТЕРИАЛЫ, МОНОГРАФИЧЕСКИЕ
Кодированные данные о монографическом текстовом документе ac |||||||||
200 1# - ЗАГЛАВИЕ И СВЕДЕНИЯ ОБ ОТВЕТСТВЕННОСТИ
Основное заглавие Общие вопросы оториноларингологии. Заболевания носа и околоносовых пазух
Первые сведения об ответственности В.Д. Меланьин, Н.А. Дайхес, С.В. Яблонский [и др.]
210 ## - ПУБЛИКАЦИЯ, РАСПРОСТРАНЕНИЕ И ДР.
Дата издания, распространения и т.д. 2010
Место издания, распространения и т.д. Б. м.
215 ## - ФИЗИЧЕСКАЯ ХАРАКТЕРИСТИКА
Специфическое обозначение материала и объем 346, [1] с., [2] л. цв. ил.
Другие сведения о физической характеристике ил., портр.
461 #0 - УРОВЕНЬ НАБОРА
Встроенное поле 001RU\NLR\bibl\1751679
-- 2001#$aОториноларингология$vТ. 1
Системный номер (АБИС) связанной записи 1468385
Место публикации Москва
Дата публикации 2010
Первые сведения об ответственности под общ. ред.: проф. Н.А. Дайхеса
Имя издателя, распространителя и т.д. Медицинское информационное агентство
Сведения, относящиеся к заглавию материалы к клиническим лекциям : руководство : в 5 т.
Заглавие Оториноларингология
Номер тома Т. 1
517 0# - ДРУГИЕ ВАРИАНТЫ ЗАГЛАВИЯ
Вариант заглавия Заболевания носа и околоносовых пазух
606 1# - НАИМЕНОВАНИЕ ТЕМЫ КАК ПРЕДМЕТ
Наименование темы Нос
Формальный подзаголовок Руководства, пособия и т.п.
Тематический подзаголовок Болезни
Системный номер авторитетной/нормативной записи 940908
Идентификатор авторитетной/нормативной записи RU\NLR\auth\6629462
606 1# - НАИМЕНОВАНИЕ ТЕМЫ КАК ПРЕДМЕТ
Наименование темы Нос
Формальный подзаголовок Руководства, пособия и т.п.
Тематический подзаголовок Придаточные пазухи
-- Болезни
Системный номер авторитетной/нормативной записи 969776
Идентификатор авторитетной/нормативной записи RU\NLR\auth\6644697
686 ## - ИНДЕКСЫ ДРУГИХ КЛАССИФИКАЦИЙ
Индекс Р682.44я7
686 ## - ИНДЕКСЫ ДРУГИХ КЛАССИФИКАЦИЙ
Индекс Р682.46я7
701 #1 - ИМЯ ЛИЦА - АЛЬТЕРНАТИВНАЯ ОТВЕТСТВЕННОСТЬ
Начальный элемент ввода Меланьин
Часть имени, кроме начального элемента ввода В. Д.
Расширение инициалов личного имени Владимир Дмитриевич
Код отношения Автор
701 #1 - ИМЯ ЛИЦА - АЛЬТЕРНАТИВНАЯ ОТВЕТСТВЕННОСТЬ
Начальный элемент ввода Дайхес
Часть имени, кроме начального элемента ввода Н. А.
Расширение инициалов личного имени Николай Аркадьевич
Код отношения Автор
701 #1 - ИМЯ ЛИЦА - АЛЬТЕРНАТИВНАЯ ОТВЕТСТВЕННОСТЬ
Начальный элемент ввода Яблонский
Часть имени, кроме начального элемента ввода С. В.
Расширение инициалов личного имени Сергей Владимирович
Код отношения Автор
801 #0 - ИСТОЧНИК ЗАПИСИ
Страна Российская Федерация
Организация NLR
Дата составления 20100518
Правила каталогизации RCR
801 #1 - ИСТОЧНИК ЗАПИСИ
Страна Российская Федерация
Организация NLR
Дата составления 20100518
942 ## - ДОПОЛНИТЕЛЬНЫЕ ЭЛЕМЕНТЫ ЗАПИСИ (АБИС)
Тип экземпляра АБИС Книга
980 ## - КОЛЛЕКЦИЯ
Название коллекции Национальная библиография
Экземпляры
Тип экземпляра Дата поступления Источник поступления Библиотека постоянного хранения Библиотека текущего хранения Место хранения Шифр хранения Штрих-код Статус экземпляра Стоимость
Книга 18.05.2010 Обязательный экземпляр РНБ (Московский) РНБ (Московский) Русский книжный фонд: издания с 1957 года 2010-5/4591 3174374    
Книга 18.05.2010 Обязательный экземпляр РНБ (Московский) РНБ (Московский) Русский книжный фонд: издания с 1957 года 2010-5/4591 3174375    
Книга 30.06.2010 Покупка РНБ (Московский) РНБ (Московский) Фонд общего зала литературы по биологии и медицине М1 Р68/М-470 1-472471   486.00
Книга 07.04.2011 Покупка РНБ (Московский) РНБ (Московский) Обменный фонд, без заказа   3393478   486.00
Книга 30.06.2010 Покупка РНБ (Садовая) РНБ (Садовая) Универсальный читальный зал У Р68/О-856 1-164874   486.00